| 000 | 00618nam a2200253Ia 4500 | ||
|---|---|---|---|
| 005 | 20250425161955.0 | ||
| 008 | 250425s9999 xx 000 0 und d | ||
| 020 | _a0130307947 | ||
| 041 | _aeng | ||
| 082 | _a658.4 | ||
| 100 | _aBARNEY, JAY | ||
| 245 | 0 | _aGAINING AND SUSTAINING COMPETITIVE ADVANTAGE | |
| 250 | _a2ND ED. | ||
| 260 |
_aEstados Unidos _bPRENTICE HALL _c1950 |
||
| 260 | _aS.L. | ||
| 300 | _a600 | ||
| 650 | _aCOMPETITIVIDAD | ||
| 650 | _aCONTROL-DIRECCION | ||
| 650 | _aINDUSTRIA | ||
| 650 | _aPLANIFICACION ESTRATEGICA | ||
| 710 | _aPRENTICE HALL | ||
| 942 | _c01 | ||
| 010 | _a38177 | ||
| 999 |
_c219920 _d219920 |
||